Brasões de Digimon - Statistics

Estatísticas Gerais
  • Esse quiz foi jogado 58 vezes
  • A pontuação média é 7 de 8
Estatísticas das Respostas
Hint Resposta % Correto
Matt Amizade
98%
Sora Amor
98%
Tai Coragem
93%
T.K. Esperança
87%
Izzy Sabedoria
83%
Kari Luz
80%
Mimi Sinceridade
70%
Joe Confiança
65%
Nenhum quiz correspondente encontrado
Distribuição das Pontuações
Porcentagem de Pessoas com Cada Pontuação
Percentil de Números Respondidos
Sua Pontuação Histórica
Você não jogou esse quiz